000 00630nam a2200217Ia 4500
003 OSt
005 20230329103851.0
008 210423s2012 xx 000 0 und d
020 _a978-81-8094-147-4
040 _cAL
041 _aeng
082 _a576.028
_223
_bPUVM
100 _aPUVANAKRISHNAN (R);SIVASUBRAMANIAN (S);HEMALATHA (T)
_979436
245 _aMicrobial technology: concepts and applications
260 _aChennai
_bMJP Publishers
_c2012
300 _axxxii,484
_bPB
365 _b595
_cINR
650 _aMicrobiology
_979437
906 _aapplications ; concepts ; Microbial ; technology:
942 _2ddc
_cBK
999 _c168833
_d168833